Fundamentos de Física
| Main Authors: | , , |
|---|---|
| Format: | Section = Libro |
| Language: | Undetermined Spanish |
| Published: |
México
McGraw-Hill
2014
|
| Subjects: |
| LEADER | 00591nam a2200241Ia 4500 | ||
|---|---|---|---|
| 008 | 241007s9999||||xx |||||||||||||| ||und|| | ||
| 020 | |a 978-607-15-1207-9 | ||
| 040 | |a BIBLIOTECA-RURC/ 530 B434 | ||
| 041 | |a spa | ||
| 082 | |a 530 B434 | ||
| 100 | 1 | |a Bauer, Wolfgang | |
| 100 | 1 | |b Westafall, Gary D. | |
| 100 | 1 | |c Dewolf, Jhon | |
| 245 | 1 | 0 | |a Fundamentos de Física |
| 260 | |a México |b McGraw-Hill |c 2014 | ||
| 300 | |a 437 p. :il. | ||
| 650 | 7 | |a FÍSICA | |
| 650 | 7 | |b CINETICA | |
| 650 | 7 | |c TERMODINAMICA | |
| 650 | 7 | |d GRAVITACIÓN. | |
| 942 | |c BK |2 ddc | ||
| 991 | |a TEXTO | ||
| 999 | |c 14395 | ||